[Event "POL-chT3 2010/11"]
[Site "Wielkopolska"]
[Date "2011.04.15"]
[Round "10"]
[White "Rybakowski, Karol"]
[Black "Skrzypczak, Michal"]
[Result "1/2-1/2"]
[WhiteElo "1844"]
[BlackElo "1980"]
[PlyCount "63"]
[EventDate "2010.11.28"]
[EventType "team-tourn"]
[EventRounds "11"]
[EventCountry "POL"]
[SourceTitle "EXT 2019"]
[Source "ChessBase"]
[SourceDate "2018.10.10"]
[SourceVersion "1"]
[SourceVersionDate "2018.10.10"]
[SourceQuality "1"]
[WhiteTeam "Rawicz Korona Rawbud"]
[BlackTeam "Srem LKS Piast"]
[WhiteTeamCountry "POL"]
[BlackTeamCountry "POL"]

1. e4 d5 2. exd5 Nf6 3. d4 Nxd5 4. c4 Nf6 5. Nc3 g6 6. Nf3 Bg7 7. Bg5 Bg4 8. Be2 0-0 9. Qd2 Nc6 10. Rd1 Qd7 11. Ne5 Nxe5 12. dxe5 Qxd2+ 13. Rxd2 Bxe2 14. Rxe2 Ng4 15. f4 f6 16. exf6 exf6 17. Bh4 Rfe8 18. Nd1 h5 19. h3 Nh6 20. Ne3 Re4 21. Nd5 Rae8 22. Rxe4 Rxe4+ 23. Kd2 Rxc4 24. Kd3 Ra4 25. Re1 Nf5 26. Bxf6 Rxa2 27. g4 hxg4 28. hxg4 Nd6 29. Re7 Bxf6 30. Nxf6+ Kf8 31. Rxc7 Rxb2 32. Nh7+ 1/2-1/2

[Event "POL-chT3 2010/11"]
[Site "Wielkopolska"]
[Date "2011.03.28"]
[Round "8"]
[White "Rusinski, Mateusz"]
[Black "Rybakowski, Karol"]
[Result "1-0"]
[WhiteElo "1891"]
[BlackElo "1844"]
[PlyCount "81"]
[EventDate "2010.11.28"]
[EventType "team-tourn"]
[EventRounds "11"]
[EventCountry "POL"]
[SourceTitle "EXT 2019"]
[Source "ChessBase"]
[SourceDate "2018.10.10"]
[SourceVersion "1"]
[SourceVersionDate "2018.10.10"]
[SourceQuality "1"]
[WhiteTeam "Wolsztyn UKS Szach"]
[BlackTeam "Rawicz Korona Rawbud"]
[WhiteTeamCountry "POL"]
[BlackTeamCountry "POL"]

1. d4 Nf6 2. c4 g6 3. Nc3 d5 4. Nf3 Bg7 5. g3 0-0 6. Bg2 Na6 7. 0-0 c6 8. Bg5 Ne4 9. cxd5 Nxg5 10. Nxg5 cxd5 11. Nh3 e6 12. Qd2 Bd7 13. Rac1 Qb6 14. Rfd1 Rac8 15. e3 Rc7 16. Nf4 Qd6 17. Bf1 Rcc8 18. h4 Nc7 19. Rc2 Ne8 20. Rdc1 Nf6 21. Nd3 Nh5 22. Kg2 b6 23. Be2 Bc6 24. Bxh5 gxh5 25. Nf4 e5 26. Nxh5 exd4 27. exd4 Bh6 28. Nf4 Kh8 29. Nce2 Bb7 30. Rxc8 Bxc8 31. Qe3 Bb7 32. Kh2 Kg8 33. Qf3 Re8 34. Qg4+ Kh8 35. Rc3 Qf6 36. Qd7 Rxe2 37. Rc8+ Bxc8 38. Qxc8+ Kg7 39. Nh5+ Kg6 40. Qg4+ Bg5 41. Nxf6 1-0